| 000 | 01183cam a2200253 4500 | ||
|---|---|---|---|
| 001 | WB3704-10 | ||
| 008 | 000000n2001 000 0 eng u | ||
| 035 | _a(Sirsi) u110479 | ||
| 245 | _aEnergy study gets funding go-ahead | ||
| 260 | _c2001 | ||
| 490 |
_aWestern Morning News _v 16 January 2001, 13(1) |
||
| 520 | _aA six-month feasibility study has received funding from Objective One, part of the European Regional Development Fund. The Greenpark Feasibility Study aims to look into alternative and more environmentally sensitive methods of providing heat and electricity for business parks by using household waste. If successful, the project could be adopted all over the country and provide an alternative to landfill sites for disposing of household and commercial waste. | ||
| 590 | _aWB | ||
| 650 | _aRENEWABLE ENERGY | ||
| 650 | _aFEASIBILITY STUDIES | ||
| 650 | _aALTERNATIVE ENERGY RESOURCES | ||
| 650 | _aENVIRONMENTALLY FRIENDLY BUILDINGS | ||
| 650 | _aCORNWALL | ||
| 650 | _aREGIONAL FUNDS | ||
| 650 | _aSTRUCTURAL FUNDS | ||
| 650 | _aOBJECTIVE ONE | ||
| 690 | _aENVIRONMENTAL AND LAND CONSULTANCY-ENERGY-ENERGY USE-ENERGY EFFICIENCY | ||
| 942 | _n0 | ||
| 999 |
_c65866 _d65866 |
||